[Event "Tournoi des Faugs"]
[Site "Chateau des Faugs à Boffres"]
[Date "2015.05.12"]
[Round "5.1"]
[White "Kassis, Antoine"]
[Black "Violleau, Jean-Claude"]
[Result "1/2-1/2"]
[WhiteElo "2178"]
[BlackElo "1678"]
[Annotator "Cyp"]
[PlyCount "133"]
[EventDate "2015.??.??"]

1. d4 {[%emt 0:00:00]} Nf6 2. c4 c5 3. d5 g6 4. Nc3 d6 5. e4 Nbd7 6. f4 Bg7 7.
Nf3 O-O {C'est une défense bénoni!} 8. Bd3 Nb6 9. O-O Bg4 10. Qe1 Bxf3 11. Rxf3
Nbd7 12. h3 Nh5 13. g4 Bd4+ 14. Be3 Bxe3+ $6 {L'ordinateur a une préférence
pour Cg7 et si prise en d4, il suivra e5} (14... Ng7 15. Bxd4 cxd4) 15. Qxe3
Ng7 16. e5 a6 17. e6 fxe6 18. dxe6 Nb6 19. Nd5 $2 {f5 est plus direct et
conserve surtout le Cc3 pour l'attaque.} (19. f5 $1 gxf5 20. gxf5 d5 21. f6
Rxf6 22. Rxf6 exf6 23. Qh6 f5 24. Rf1 Qf8 25. cxd5 $40) 19... Nxd5 20. cxd5 b5
$2 {Da5 semble plus actif.} (20... Qa5 21. f5 gxf5 22. gxf5 Qb4) 21. f5 c4 22.
Be4 gxf5 23. Bxf5 Nxf5 24. gxf5 Rf6 25. Kh2 Kh8 26. Rg1 Qf8 27. Rg5 Qh6 28.
Rfg3 Qf8 29. Qd4 Qh6 30. Qg4 $2 {Le plan le plus efficace est de gratter la
case h6 en jouant T5g4} Rff8 31. Rg2 Qf6 32. Qg3 Rac8 $1 (32... b4 $1 {suggéré
par l'arbitre après la partie, les deux coups maintiennent l'égalité.}) 33. Qc3
Qxc3 34. bxc3 a5 35. a3 Rg8 $2 {Tb8 est meilleur} 36. h4 $2 {L'échange de tour
donne une position gagnante aux blancs.} (36. Rxg8+ Rxg8 37. f6 exf6 38. Rb2
Kg7 39. Rxb5 f5) 36... b4 37. axb4 axb4 38. cxb4 c3 39. Rc2 $2 (39. Rxg8+ $1
Rxg8 40. f6 exf6 41. Rc2 Rc8 42. b5 Kg7 43. b6 h5 44. b7 Rb8 45. Rxc3 Rxb7 {Et
les blancs ont toujours l'avantage du pion passé protégé.}) 39... Rc4 40. Kg3
Rb8 41. Rg4 Rbxb4 42. Rxc4 Rxc4 43. f6 $1 {seul coup pour essayer de pêcher en
eau trouble} exf6 44. e7 Re4 45. Rxc3 Rxe7 46. Rc6 Rd7 47. Kf4 Kg7 48. Kf5 Kf7
49. h5 Ke7 $2 {Plus simple est Te7 avec l'idée Te5+} 50. h6 $2 (50. Rc8 {Ce
coup là pose plus de problèmes aux noirs.} Kf7 51. Rh8 Kg7 52. Re8 Ra7 53. Re6
Ra1) 50... Kf7 51. Ra6 Re7 $1 {Après une longue réflexion, Jean-Claude trouve
la bonne défense pour tenir la position, celle qui est active.} 52. Rxd6 Re5+
53. Kf4 Ke7 54. Ra6 Rxd5 55. Ra7+ Rd7 56. Ra1 Rd4+ 57. Kf5 Rd5+ 58. Kf4 $4 {
Re4 est le coup permettant d'annuler} Rd4+ $4 (58... Ke6 $3 {Le plan noir est
simple, réussir à amener le roi en g6 et gagner le pion h6} 59. Ra7 (59. Re1+
Re5 60. Rg1 Rf5+ 61. Ke4 Rh5) (59. Rh1 Rg5 60. Re1+ Kf7 61. Rh1 Kg6) 59... Rd7
60. Ra1 (60. Ra4 Kf7)) 59. Kf5 Rd5+ 60. Ke4 Re5+ 61. Kf4 Ke6 62. Ra7 Rf5+ 63.
Kg4 Rg5+ 64. Kf4 Rf5+ 65. Kg4 Rg5+ 66. Kf4 Rf5+ 67. Kg4 {Belle défense et bel
exploit de Jean-Claude.} 1/2-1/2

[Event "Tournoi des Faugs"]
[Site "Chateau des Faugs à Boffres"]
[Date "2015.05.12"]
[Round "5.2"]
[White "Tilquin, Jean-Pierre"]
[Black "Devaux, Nicolas"]
[Result "1-0"]
[WhiteElo "1934"]
[BlackElo "1859"]
[PlyCount "57"]
[EventDate "2015.??.??"]

1. d4 d5 2. c4 e6 3. Nc3 Nf6 4. cxd5 exd5 5. Bg5 Be7 6. e3 O-O 7. Bd3 c6 8. Qc2
Nbd7 9. Nge2 Re8 10. f3 Nf8 11. O-O Ng6 12. Rae1 Bb4 13. e4 Bxc3 14. bxc3 h6
15. Bc1 dxe4 16. fxe4 Nh5 17. e5 Nf8 18. Bf5 Re7 19. Ba3 Bxf5 20. Rxf5 g6 21.
Bxe7 Qxe7 22. Rf2 Rd8 23. Ref1 Qg5 24. Rxf7 Ne6 25. Qc1 Qxc1 26. Nxc1 c5 27.
Ne2 cxd4 28. Nxd4 Ng5 29. Rxb7 1-0

[Event "Tournoi des Faugs"]
[Site "Chateau des Faugs à Boffres"]
[Date "2015.05.12"]
[Round "5.3"]
[White "Berges, Laurent"]
[Black "Gattuso, Christophe"]
[Result "0-1"]
[WhiteElo "1549"]
[BlackElo "1859"]
[PlyCount "48"]
[EventDate "2015.??.??"]

1. d4 d5 2. c4 dxc4 3. e4 Nf6 4. Nc3 e5 5. Be3 exd4 6. Bxd4 Bb4 7. Bxf6 Qxf6 8.
Qc2 Be6 9. Nge2 Nc6 10. O-O-O Qxf2 11. Nb5 O-O 12. Nxc7 Rac8 13. Nxe6 fxe6 14.
Rd7 Ne5 15. Rd1 Nd3+ 16. Kb1 Qe3 17. Qa4 Nxb2 18. Kxb2 c3+ 19. Kc2 Qxe4+ 20.
Rd3 Rxf1 21. Qd7 Qxe2+ 22. Kb3 Qb2+ 23. Ka4 Qa3+ 24. Kb5 Qa5# 0-1

[Event "Tournoi des Faugs"]
[Site "Chateau des Faugs à Boffres"]
[Date "2015.05.12"]
[Round "5.4"]
[White "Biguet, Jean-Claude"]
[Black "Gagnepain, Laurent"]
[Result "1-0"]
[WhiteElo "1755"]
[BlackElo "1862"]
[Annotator "Cyp"]
[PlyCount "103"]
[EventDate "2015.??.??"]

1. d4 f5 2. Bf4 d6 3. e3 Nf6 4. Nf3 g6 5. h4 h6 6. Bd3 c5 7. c3 Qb6 8. Qb3 Qxb3
9. axb3 Nc6 10. Na3 Bg7 11. dxc5 e5 12. Nb5 Kd7 13. Bc4 exf4 14. O-O-O Ne4 15.
exf4 Bf8 16. Rhe1 a6 17. Nxd6 Bxd6 18. cxd6 Nxd6 19. Ne5+ Kc7 20. Rxd6 Kxd6 21.
Nf7+ Kc5 22. Nxh8 b5 23. Bd3 Bb7 24. Nxg6 b4 25. Bxf5 a5 26. Ne5 bxc3 27. bxc3
a4 28. bxa4 Rxa4 29. Nd3+ Kd6 30. Be4 Na5 31. Bxb7 Nxb7 32. Kb2 Nd8 33. Ra1 Re4
34. Ra6+ Kd5 35. Rxh6 Kc4 36. Ne5+ Kc5 37. Nd3+ Kc4 38. Ne5+ Kc5 39. g3 Re2+
40. Kb3 Kd5 41. c4+ Ke4 42. c5 Rxf2 43. c6 Nxc6 44. Rxc6 Kf5 45. h5 Rg2 46. Rg6
Rh2 47. h6 Rh1 48. Kc3 Rc1+ 49. Kd4 Rd1+ 50. Ke3 Re1+ 51. Kf2 Rxe5 52. Rg5+ 1-0

[Event "Tournoi des Faugs"]
[Site "Chateau des Faugs à Boffres"]
[Date "2015.05.12"]
[Round "5.5"]
[White "Tempestini, Marc"]
[Black "Visseq, Alexandre"]
[Result "0-1"]
[WhiteElo "1790"]
[BlackElo "1767"]
[PlyCount "56"]
[EventDate "2015.??.??"]

1. e4 Nf6 2. e5 Nd5 3. d4 d6 4. c4 Nb6 5. exd6 exd6 6. Nc3 Be7 7. Bd3 Nc6 8.
Be3 Bf6 9. Nge2 Bg4 10. Qd2 O-O 11. Ne4 Re8 12. Nxf6+ Qxf6 13. O-O Bf5 14. Bg5
Qg6 15. Bxf5 Qxf5 16. Ng3 Qg6 17. d5 Nxc4 18. Qc1 Nb8 19. Qxc4 Qxg5 20. Ne4 Qd8
21. Rae1 Nd7 22. f4 Nf8 23. f5 f6 24. Re3 Re5 25. Rg3 Qe7 26. Rg4 Re8 27. Ng3
Re1 28. Nh5 Qe3+ 0-1

[Event "Tournoi des Faugs"]
[Site "Chateau des Faugs à Boffres"]
[Date "2015.05.14"]
[Round "6.1"]
[White "Visseq, Alexandre"]
[Black "Tilquin, Jean-Pierre"]
[Result "1/2-1/2"]
[WhiteElo "1767"]
[BlackElo "1934"]
[PlyCount "52"]
[EventDate "2015.??.??"]

1. e4 e5 2. Bc4 Nf6 3. d3 Nc6 4. Nf3 Bc5 5. c3 a6 6. O-O Ba7 7. Bg5 h6 8. Be3
O-O 9. Bb3 d6 10. Nbd2 Be6 11. Bc2 Bxe3 12. fxe3 d5 13. d4 dxe4 14. Nxe4 Bc4
15. Nxf6+ Qxf6 16. Rf2 exd4 17. exd4 Qd6 18. Nd2 Be6 19. Qh5 Qd5 20. Qh4 Na5
21. Ne4 f5 22. Ng3 Qd8 23. Qh5 Qe8 24. Qh4 Qd8 25. Qh5 Qe8 26. Qh4 Qd8 1/2-1/2

[Event "Tournoi des Faugs"]
[Site "Chateau des Faugs à Boffres"]
[Date "2015.05.14"]
[Round "6.2"]
[White "Berges, Laurent"]
[Black "Kassis, Antoine"]
[Result "0-1"]
[WhiteElo "1549"]
[BlackElo "2178"]
[PlyCount "62"]
[EventDate "2015.??.??"]

1. Nf3 Nf6 2. g3 b5 3. Bg2 d5 4. d3 e6 5. O-O Nbd7 6. c3 c5 7. Re1 Bb7 8. d4
Bd6 9. a4 a6 10. axb5 axb5 11. Rxa8 Qxa8 12. Qc2 O-O 13. Bg5 Ne4 14. Nbd2 Rc8
15. Nb3 cxd4 16. Nbxd4 b4 17. Rb1 bxc3 18. bxc3 Nxc3 19. Re1 Ne4 20. Qb3 Rc3
21. Qb5 Qc8 22. Bd2 Nxd2 23. Nxd2 Ba6 24. Qb1 Nf6 25. e4 Bd3 26. Qa2 Nxe4 27.
Nxe4 dxe4 28. Bh3 Rc1 29. Qa5 Qc5 30. Qa8+ Bf8 31. Nxe6 Rxe1+ 0-1

[Event "Tournoi des Faugs"]
[Site "Chateau des Faugs à Boffres"]
[Date "2015.05.14"]
[Round "6.3"]
[White "Gattuso, Christophe"]
[Black "Gagnepain, Laurent"]
[Result "1-0"]
[WhiteElo "1859"]
[BlackElo "1862"]
[PlyCount "105"]
[EventDate "2015.??.??"]

1. e4 c6 2. d4 d5 3. e5 c5 4. dxc5 Nc6 5. Nf3 Bg4 6. c3 e6 7. Be3 Bxf3 8. Qxf3
Nxe5 9. Bb5+ Nc6 10. O-O Nf6 11. c4 a6 12. Ba4 Qa5 13. Nc3 Bxc5 14. cxd5 Bxe3
15. dxc6 Bxf2+ 16. Rxf2 b5 17. Bb3 O-O 18. Ne4 Nxe4 19. Qxe4 Rac8 20. Raf1 Qb6
21. Rc1 Rc7 22. Kf1 Rd8 23. Re2 Rd6 24. Qe3 Qb8 25. Qf4 Qd8 26. Ke1 Rdxc6 27.
Rd1 Qc8 28. Red2 Rc1 29. Qd4 Rxd1+ 30. Rxd1 Rc1 31. Rxc1 Qxc1+ 32. Ke2 Qc8 33.
Qc3 Qb7 34. Qf3 Qc8 35. Qe4 g6 36. Qc2 Qb7 37. Kf1 Kg7 38. Qc3+ Kg8 39. Bd1 Qd5
40. Bb3 Qb7 41. Qd4 Qc8 42. h4 Qc7 43. Kf2 Qb8 44. Bd1 h5 45. Bf3 Qc7 46. g3 a5
47. a3 Qc2+ 48. Be2 Qc6 49. Qd8+ Kg7 50. Qxa5 Qc5+ 51. Kg2 Qd5+ 52. Kh2 Qd4 53.
Qc3 1-0

[Event "Tournoi des Faugs"]
[Site "Chateau des Faugs à Boffres"]
[Date "2015.05.14"]
[Round "6.4"]
[White "Violleau, Jean-Claude"]
[Black "Tempestini, Marc"]
[Result "0-1"]
[WhiteElo "1678"]
[BlackElo "1790"]
[PlyCount "104"]
[EventDate "2015.??.??"]

1. e4 c5 2. Nf3 e6 3. d4 cxd4 4. Nxd4 a6 5. Be3 Qc7 6. Bd3 b5 7. Nd2 Bc5 8. Qg4
g6 9. N2b3 Bd6 10. Nf3 e5 11. Qg5 Bb7 12. Qh4 Nc6 13. c3 f6 14. Rd1 Nce7 15.
O-O O-O-O 16. c4 h5 17. cxb5 axb5 18. Rc1 Bc6 19. Bxb5 g5 20. Bxc6 gxh4 21.
Bxd7+ Rxd7 22. Rxc7+ Rxc7 23. Rd1 Rc6 24. Nxh4 Nh6 25. h3 Nf7 26. Nf3 Rg8 27.
Kh2 f5 28. Bd2 Rc2 29. Rb1 fxe4 30. Ne1 Rc4 31. Na5 Ra4 32. a3 Nd5 33. Rc1+ Kd7
34. Nc4 Ra6 35. Nc2 Rc6 36. N2e3 Nf4 37. Rd1 Ke6 38. b4 Nd3 39. b5 Rcc8 40. Kg1
Ra8 41. Nc2 Bc5 42. Be3 Bxe3 43. N2xe3 Rgb8 44. b6 Ra4 45. f3 Nc5 46. fxe4 Nxe4
47. Rb1 Nfd6 48. Rc1 Rc8 49. Rb1 Nxc4 50. b7 Rb8 51. Nxc4 Rxc4 52. Rb6+ Kd5 0-1

[Event "Tournoi des Faugs"]
[Site "Chateau des Faugs à Boffres"]
[Date "2015.05.14"]
[Round "6.5"]
[White "Devaux, Nicolas"]
[Black "Biguet, Jean-Claude"]
[Result "1-0"]
[WhiteElo "1859"]
[BlackElo "1755"]
[PlyCount "80"]
[EventDate "2015.??.??"]

1. d4 Nf6 2. Nf3 g6 3. c4 Bg7 4. Nc3 d5 5. Bg5 Ne4 6. Bh4 Nxc3 7. bxc3 dxc4 8.
Qa4+ Qd7 9. Qxc4 Qc6 10. Qb4 Qd6 11. Qb3 O-O 12. e3 b6 13. Bg3 Qd8 14. Be2 Ba6
15. Bxa6 Nxa6 16. O-O c5 17. Rfd1 Qc8 18. Rac1 Qc6 19. d5 Qb7 20. c4 Nc7 21. e4
Ne8 22. e5 f6 23. Qe3 fxe5 24. Bxe5 Nf6 25. Bg3 Kh8 26. Re1 Rae8 27. Ng5 Ng4
28. Qe6 Nh6 29. Rc2 Rf6 30. Qh3 Rf5 31. Nf3 b5 32. Rce2 bxc4 33. d6 e5 34. Nxe5
Rh5 35. d7 Rexe5 36. d8=Q+ Ng8 37. Rxe5 Bxe5 38. Qe6 Qg7 39. Rxe5 Rxe5 40. Bxe5
Qf6 1-0

[Event "Tournoi des Faugs"]
[Site "Chateau des Faugs à Boffres"]
[Date "2015.05.15"]
[Round "7.1"]
[White "Kassis, Antoine"]
[Black "Gattuso, Christophe"]
[Result "1/2-1/2"]
[WhiteElo "2178"]
[BlackElo "1859"]
[PlyCount "125"]
[EventDate "2015.??.??"]

1. Nf3 Nf6 2. c4 e6 3. d4 d5 4. Nc3 c5 5. cxd5 exd5 6. g3 Nc6 7. Bg2 Be7 8. O-O
O-O 9. dxc5 Bxc5 10. Bg5 Be6 11. Bxf6 Qxf6 12. Nxd5 Qxb2 13. Nc7 Rad8 14. Qc1
Qxc1 15. Raxc1 Bb6 16. Nxe6 fxe6 17. e3 Rd6 18. Ng5 e5 19. Ne4 Rd3 20. Nc5 Rd2
21. Nxb7 Nb4 22. Rcd1 Rfxf2 23. Rxd2 Rxd2 24. Bh3 Bxe3+ 25. Kh1 Rf2 26. Be6+
Kf8 27. Rxf2+ Bxf2 28. Na5 Ke7 29. Bg8 h6 30. Kg2 Bd4 31. Kf3 Kf6 32. Ke4 h5
33. h3 Bf2 34. Kf3 Bd4 35. Ke4 Bf2 36. Kf3 Bb6 37. Nc4 Nc6 38. Nxb6 axb6 39.
Ke4 Ne7 40. Bb3 g5 41. a4 Nf5 42. g4 hxg4 43. hxg4 Ne7 44. Bc4 Nc6 45. Bb3 Nd4
46. Ba2 Ne6 47. Kd5 e4 48. Bc4 e3 49. Ke4 Nc5+ 50. Kxe3 Nxa4 51. Kd4 Nc5 52.
Kd5 Nd7 53. Kd6 Ne5 54. Be2 Ng6 55. Kc6 Ke5 56. Kxb6 Kf4 57. Kc5 Ne5 58. Kd4
Nxg4 59. Ba6 Nh6 60. Bc8 Nf5+ 61. Kd3 g4 62. Bxf5 Kxf5 63. Ke3 1/2-1/2

[Event "Tournoi des Faugs"]
[Site "Chateau des Faugs à Boffres"]
[Date "2015.05.15"]
[Round "7.2"]
[White "Tilquin, Jean-Pierre"]
[Black "Violleau, Jean-Claude"]
[Result "1-0"]
[WhiteElo "1934"]
[BlackElo "1678"]
[PlyCount "81"]
[EventDate "2015.??.??"]

1. Nf3 Nf6 2. c4 g6 3. g3 c5 4. b3 Bg7 5. Bb2 d6 6. Bg2 Nc6 7. O-O O-O 8. Nc3
e6 9. d4 cxd4 10. Nxd4 Nxd4 11. Qxd4 Nd5 12. Qd2 Nxc3 13. Bxc3 Qc7 14. Bxg7
Kxg7 15. Rfd1 Rd8 16. Rac1 a6 17. Rc3 a5 18. Rd3 Ra6 19. a3 Qc5 20. Qc3+ Kg8
21. b4 axb4 22. axb4 Qf5 23. c5 d5 24. e4 Qg4 25. exd5 exd5 26. Bxd5 Rf8 27.
Bf3 Qg5 28. b5 Ra2 29. Bd5 Ra8 30. R3d2 Qe7 31. Qe3 Qc7 32. c6 bxc6 33. Bxc6
Bb7 34. Rd7 Qa5 35. Rxb7 Qa4 36. Qf3 Rac8 37. Rdd7 Qc4 38. Rxf7 Rxf7 39. Rxf7
Rd8 40. Rd7 Qc1+ 41. Kg2 1-0

[Event "Tournoi des Faugs"]
[Site "Chateau des Faugs à Boffres"]
[Date "2015.05.15"]
[Round "7.3"]
[White "Gagnepain, Laurent"]
[Black "Devaux, Nicolas"]
[Result "1-0"]
[WhiteElo "1862"]
[BlackElo "1859"]
[PlyCount "45"]
[EventDate "2015.??.??"]

1. d4 d5 2. Nf3 Nf6 3. c4 e6 4. cxd5 exd5 5. Nc3 Be7 6. Bg5 c6 7. Qc2 O-O 8. e3
Nbd7 9. Bd3 Re8 10. O-O Nf8 11. Rfe1 Ne4 12. Bxe7 Qxe7 13. Bxe4 dxe4 14. Nd2 f5
15. f3 exf3 16. Nxf3 Ng6 17. e4 fxe4 18. Rxe4 Be6 19. Rae1 Qd6 20. Ng5 Bf7 21.
Nxf7 Kxf7 22. Qb3+ Kf8 23. Rf1+ 1-0

[Event "Tournoi des Faugs"]
[Site "Chateau des Faugs à Boffres"]
[Date "2015.05.15"]
[Round "7.4"]
[White "Biguet, Jean-Claude"]
[Black "Visseq, Alexandre"]
[Result "1-0"]
[WhiteElo "1755"]
[BlackElo "1767"]
[PlyCount "117"]
[EventDate "2015.??.??"]

1. e4 Nf6 2. e5 Nd5 3. Nc3 Nxc3 4. bxc3 c5 5. d4 cxd4 6. cxd4 Nc6 7. f4 e6 8.
c3 Qa5 9. Bd2 Be7 10. Nf3 O-O 11. Bd3 b5 12. O-O Qb6 13. Rb1 b4 14. Be3 Qa5 15.
Qc2 g6 16. Rf2 bxc3 17. Rb5 Qd8 18. Rb3 Nb4 19. Qxc3 Nxd3 20. Qxd3 a5 21. d5 d6
22. Bb6 Qe8 23. Ng5 exd5 24. Nxh7 Kxh7 25. f5 Bg5 26. Be3 Ba6 27. Qd2 Qxe5 28.
Bxg5 Qa1+ 29. Qc1 Qxc1+ 30. Bxc1 f6 31. Rh3+ Kg8 32. fxg6 Rfe8 33. Bd2 Rac8 34.
Rxf6 Rc1+ 35. Bxc1 Re1+ 36. Kf2 Rf1+ 37. Ke3 Rxf6 38. Rg3 Bc4 39. a3 Re6+ 40.
Kf4 Re4+ 41. Kg5 d4 42. h4 Re5+ 43. Kh6 Be2 44. Rg5 Re4 45. g3 Re8 46. Rxa5 Bc4
47. Kg5 d5 48. Bf4 d3 49. h5 d4 50. h6 d2 51. Bxd2 Kh8 52. Bf4 Bg8 53. Be5+
Rxe5+ 54. Rxe5 d3 55. Re8 d2 56. Rd8 d1=Q 57. Rxd1 Bb3 58. Rd8+ Bg8 59. h7 1-0

[Event "Tournoi des Faugs"]
[Site "Chateau des Faugs à Boffres"]
[Date "2015.05.15"]
[Round "7.5"]
[White "Tempestini, Marc"]
[Black "Berges, Laurent"]
[Result "1/2-1/2"]
[WhiteElo "1790"]
[BlackElo "1549"]
[PlyCount "99"]
[EventDate "2015.??.??"]

1. e4 d5 2. exd5 Qxd5 3. Nc3 Qa5 4. d4 Nf6 5. Bd3 Bg4 6. Nge2 e6 7. O-O Nbd7 8.
Ne4 c6 9. Bd2 Qb6 10. Rb1 Be7 11. c3 O-O 12. b4 Nxe4 13. Bxe4 Bd6 14. Bd3 Qc7
15. h3 Bh5 16. Qb3 b5 17. f4 Bxe2 18. Bxe2 Nf6 19. Bd3 Nh5 20. Qd1 Nxf4 21.
Bxf4 Bxf4 22. Qh5 g6 23. Qh4 Be3+ 24. Kh1 e5 25. dxe5 Qxe5 26. Rbe1 Rae8 27.
Qf6 Qd5 28. Bb1 Qc4 29. Rd1 Re6 30. Qf3 Bb6 31. Rd7 Re3 32. Qf6 Rxc3 33. Rdd1
Qxb4 34. h4 Qc4 35. Rf4 Qe2 36. Rdf1 Bc7 37. Re4 Rh3+ 38. Kg1 Bb6+ 39. Rd4 Rg3
40. Rf2 Bxd4 41. Qxd4 Qg4 42. Qf6 Re3 43. Bc2 Qe6 44. Qg5 Re1+ 45. Kh2 Re5 46.
Qg3 h5 47. Bb3 Qe7 48. Qxg6+ Kh8 49. Qh6+ Kg8 50. Qg6+ 1/2-1/2

[Event "Tournoi des Faugs"]
[Site "Chateau des Faugs à Boffres"]
[Date "2015.05.16"]
[Round "8.1"]
[White "Berges, Laurent"]
[Black "Tilquin, Jean-Pierre"]
[Result "0-1"]
[WhiteElo "1549"]
[BlackElo "1934"]
[PlyCount "112"]
[EventDate "2015.??.??"]

1. d4 Nf6 2. c4 g6 3. Nc3 d5 4. cxd5 Nxd5 5. Bd2 Bg7 6. e4 Nxc3 7. Bxc3 c5 8.
Nf3 Bg4 9. Bb5+ Bd7 10. Qb3 O-O 11. Bxd7 Qxd7 12. Rd1 Qc7 13. O-O Nd7 14. e5 e6
15. Qc4 Rfc8 16. Rfe1 Nb6 17. Qd3 c4 18. Qe4 Nd5 19. h4 b5 20. a3 a5 21. Bd2 b4
22. Rc1 Qd7 23. g4 c3 24. bxc3 bxc3 25. Bg5 Rab8 26. h5 Rb3 27. hxg6 fxg6 28.
Kg2 Rf8 29. Rh1 Qb7 30. Bf6 Bxf6 31. exf6 Rxf6 32. Kg1 Qc7 33. Ne5 Rf4 34. Qd3
Qa7 35. Qh3 Rxd4 36. Nc6 Nf4 37. Qf1 Qd7 38. Nxd4 Qxd4 39. Qa6 Qe4 40. Qc8+ Kg7
41. Qd7+ Kf6 42. Qd8+ Ke5 43. Qg5+ Kd4 44. Qd8+ Kc4 45. Qc7+ Kb5 46. Qd7+ Qc6
47. a4+ Kc5 48. Qxc6+ Kxc6 49. Rc2 Rb1+ 50. Kh2 Rxh1+ 51. Kxh1 Nd5 52. Kg2 Kc5
53. Kf3 Kb4 54. Re2 Kb3 55. Rxe6 c2 56. Rc6 Nc3 0-1

[Event "Tournoi des Faugs"]
[Site "Chateau des Faugs à Boffres"]
[Date "2015.05.16"]
[Round "8.2"]
[White "Kassis, Antoine"]
[Black "Tempestini, Marc"]
[Result "1-0"]
[WhiteElo "2178"]
[BlackElo "1790"]
[PlyCount "125"]
[EventDate "2015.??.??"]

1. d4 Nf6 2. c4 g6 3. Nc3 Bg7 4. e4 d6 5. Nf3 O-O 6. h3 e5 7. d5 h6 8. Be3 Nh5
9. g3 f5 10. exf5 Qf6 11. Nh4 Nf4 12. Ne4 Qe7 13. Nxg6 Nxg6 14. fxg6 Bf5 15.
Bd3 Bxg6 16. Qd2 Qf7 17. O-O-O Qf3 18. Ng5 Qf6 19. Ne6 Bxd3 20. Qxd3 e4 21. Qc2
Nd7 22. Bd4 Ne5 23. Qxe4 Qf3 24. Qxf3 Rxf3 25. Nxg7 Kxg7 26. Rhe1 Re8 27. Bxe5+
dxe5 28. Rd2 Kf6 29. Re4 h5 30. Rde2 a5 31. Kd2 b6 32. Ke1 Rd3 33. Kf1 Kf5 34.
Kg2 b5 35. cxb5 Rxd5 36. a4 Rg8 37. f4 exf4 38. Rxf4+ Kg5 39. h4+ Kh6 40. Re6+
Rg6 41. Rff6 Rxf6 42. Rxf6+ Kg7 43. Rc6 Rd2+ 44. Kh3 Rxb2 45. Rxc7+ Kg6 46. Ra7
Kf5 47. Rxa5 Ke4 48. Ra8 Rb1 49. Rf8 Ke3 50. Rf5 Rh1+ 51. Kg2 Ra1 52. Rxh5 Ra2+
53. Kh3 Rxa4 54. Re5+ Kf2 55. Rf5+ Kg1 56. h5 Ra2 57. Rc5 Rb2 58. Kg4 Kg2 59.
h6 Rb4+ 60. Kg5 Kxg3 61. h7 Rg4+ 62. Kf6 Rh4 63. Kg6 1-0

[Event "Tournoi des Faugs"]
[Site "Chateau des Faugs à Boffres"]
[Date "2015.05.16"]
[Round "8.3"]
[White "Gattuso, Christophe"]
[Black "Devaux, Nicolas"]
[Result "1-0"]
[WhiteElo "1859"]
[BlackElo "1859"]
[PlyCount "97"]
[EventDate "2015.??.??"]

1. e4 e5 2. Nf3 Nc6 3. c3 Nf6 4. d4 Nxe4 5. d5 Ne7 6. Nxe5 Ng6 7. Qd4 Qe7 8.
Nxg6 hxg6 9. Be3 d6 10. Bb5+ Bd7 11. Bxd7+ Kxd7 12. Qa4+ Kd8 13. Nd2 Rh4 14.
Nxe4 Rxe4 15. Qb5 c6 16. dxc6 bxc6 17. Qa5+ Qc7 18. Qxc7+ Kxc7 19. O-O-O Rae8
20. Rd4 Rxd4 21. Bxd4 Re2 22. h4 Be7 23. Be3 a6 24. h5 gxh5 25. Rxh5 d5 26. Rf5
Bf6 27. g4 Kd7 28. g5 Ke6 29. Rf3 Be7 30. Rg3 g6 31. a4 c5 32. Kb1 Bd6 33. Rf3
Re1+ 34. Ka2 Rg1 35. Rf6+ Ke7 36. Rf3 Rg4 37. Kb3 Ke8 38. Rf6 Ke7 39. Rf3 Rg1
40. Kc2 Ra1 41. b3 Ra2+ 42. Kb1 Re2 43. Kc1 Ra2 44. Kb1 Re2 45. Kc1 a5 46. Bd2
Kf8 47. Kd1 Re4 48. Re3 c4 49. bxc4 1-0

[Event "Tournoi des Faugs"]
[Site "Chateau des Faugs à Boffres"]
[Date "2015.05.08"]
[Round "1.1"]
[White "Kassis, Antoine"]
[Black "Biguet, Jean-Claude"]
[Result "1-0"]
[WhiteElo "2178"]
[BlackElo "1755"]
[PlyCount "53"]
[EventDate "2015.??.??"]

1. d4 Nf6 2. c4 g6 3. Nc3 d5 4. cxd5 Nxd5 5. e4 Nxc3 6. bxc3 Bg7 7. Nf3 c5 8.
Rb1 O-O 9. Be2 Qa5 10. O-O cxd4 11. cxd4 Qxa2 12. Bg5 f6 13. Bd2 b6 14. Qc1 Qf7
15. Bc4 e6 16. Bb4 Rd8 17. d5 e5 18. Qc3 Bf8 19. Qb3 Bd6 20. Rfc1 Ba6 21. Bxd6
Bxc4 22. Rxc4 Rxd6 23. Rc8+ Kg7 24. Rbc1 g5 25. Nd2 Qe7 26. Qh3 Rd7 27. Nf1 1-0

[Event "Tournoi des Faugs"]
[Site "Chateau des Faugs à Boffres"]
[Date "2015.05.08"]
[Round "1.3"]
[White "Berges, Laurent"]
[Black "Gagnepain, Laurent"]
[Result "1/2-1/2"]
[WhiteElo "1549"]
[BlackElo "1862"]
[PlyCount "80"]
[EventDate "2015.??.??"]

1. d4 f5 2. e4 fxe4 3. Nc3 Nf6 4. Bg5 Nc6 5. f3 e3 6. Bxe3 e6 7. Nh3 b6 8. Bc4
Bb7 9. Ng5 Na5 10. Be2 Bb4 11. O-O Bxc3 12. bxc3 Nd5 13. Qd2 Nxe3 14. Qxe3 Qe7
15. Bd3 Bd5 16. Qf4 Qf6 17. Qg3 O-O-O 18. Ne4 Qh6 19. f4 Nc4 20. Rf2 Rdf8 21.
Ng5 Rf6 22. Re1 Rhf8 23. Nxh7 Rh8 24. Nxf6 gxf6 25. f5 e5 26. Bxc4 Bxc4 27.
dxe5 Bd5 28. Rf4 Rg8 29. Rg4 Rxg4 30. Qxg4 Qd2 31. Qe2 Qxc3 32. exf6 Qxf6 33.
Qa6+ Kd8 34. Qxa7 Qd4+ 35. Kh1 Bxg2+ 36. Kxg2 Qg4+ 37. Kh1 Qf3+ 38. Kg1 Qg4+
39. Kh1 Qf3+ 40. Kg1 Qg4+ 1/2-1/2

[Event "Tournoi des Faugs"]
[Site "Chateau des Faugs à Boffres"]
[Date "2015.05.08"]
[Round "1.5"]
[White "Visseq, Alexandre"]
[Black "Gattuso, Christophe"]
[Result "0-1"]
[WhiteElo "1767"]
[BlackElo "1859"]
[PlyCount "102"]
[EventDate "2015.??.??"]

1. e4 Nc6 2. Nf3 e5 3. Bc4 Bc5 4. d3 Nf6 5. O-O d6 6. c3 a6 7. a4 O-O 8. b4 Ba7
9. Bb2 Be6 10. Nbd2 Qe7 11. Qc2 Nh5 12. b5 Na5 13. Bxe6 fxe6 14. Ba3 Qf6 15.
Bb4 Bb6 16. Bxa5 Bxa5 17. Nc4 axb5 18. axb5 b6 19. Ne3 Nf4 20. Ne1 Rac8 21. Nc4
Bxc3 22. Ra2 Bd4 23. Kh1 Qg6 24. f3 Qe8 25. Qb1 Ra8 26. Rxa8 Qxa8 27. Nc2 Bc5
28. Qb3 Qe8 29. g3 Ne2 30. Qb1 Qh5 31. Qe1 Nd4 32. Nxd4 Bxd4 33. Qe2 Ra8 34.
Kg2 Qe8 35. f4 exf4 36. Rxf4 Ra1 37. Kh3 Rb1 38. Qg4 Rxb5 39. e5 Bxe5 40. Nxe5
Rxe5 41. Kh4 h5 42. Qf3 g5+ 43. Kh3 g4+ 44. Rxg4+ hxg4+ 45. Qxg4+ Kh7 46. Kg2
Qh5 47. Qf4 Qe2+ 48. Kh1 Rf5 49. Qh4+ Kg6 50. Qd4 Rf1+ 51. Qg1 Qf3# 0-1

[Event "Tournoi des Faugs"]
[Site "Chateau des Faugs à Boffres"]
[Date "2015.05.08"]
[Round "1.4"]
[White "Violleau, Jean-Claude"]
[Black "Devaux, Nicolas"]
[Result "1-0"]
[WhiteElo "1678"]
[BlackElo "1859"]
[Annotator "Cyp"]
[PlyCount "56"]
[EventDate "2015.??.??"]

1. e4 e5 2. Nf3 Nc6 3. Bc4 Bc5 4. c3 Nf6 5. d4 exd4 6. cxd4 Bb4+ 7. Bd2 Bxd2+
8. Nbxd2 d5 9. exd5 Nxd5 10. O-O O-O {Jusque ici un développement classique}
11. Qc2 Bg4 12. Rac1 Re8 13. Rfe1 Rxe1+ 14. Rxe1 Nce7 $2 {Un coup qui semble
logique mais ne serait pas le plus précis, selon l'ordinateur, qui préfère Fe6
ou h6} 15. Re5 $2 {Et ici l'ordinateur préfère Cg5 pour attaquer en f7 et
faire venir plus tard en e5} c6 16. Rg5 Nf6 17. Bxf7+ $2 {Non pas que le
pseudo-sacrifice soit faux mais Db3 gagne un pion net et conserve toutes les
menaces} Kxf7 18. Ne5+ Kf8 19. Nxg4 Qxd4 20. Nxf6 gxf6 21. Rg3 Rd8 22. Nf1 Ng6
23. Qc1 Nf4 24. Qe3 $2 (24. Qc2) 24... Qxe3 $2 (24... Qc4 25. Kh1 (25. h3 Ne2+
26. Kh2 Nxg3 27. Nxg3 $19) 25... Qxf1#) 25. Rxe3 Rd1 26. g3 Nd5 27. Rb3 b6 28.
Kg2 Nb4 $4 {Et là c'est le drame.} 1-0